| 000 | 00416nam a2200145 a 4500 | ||
|---|---|---|---|
| 001 | 000031132 | ||
| 005 | 20200930062727.0 | ||
| 008 | 110614s2006 dr acd 000 0 spa d | ||
| 040 |
_aDO-SdBNP _bspa _cBNPHU |
||
| 110 | 2 |
_aMicroempresa y Desarrollo _957606 |
|
| 245 | 1 | 0 | _aMemoria anual 2006. |
| 260 |
_aSanto Domingo : [2006]. : _bFONDESA, _c2006. |
||
| 300 |
_a98 p. : _bil., gráf., retrs. ; _c31 cm. |
||
| 049 | _aBNPD | ||
| 999 |
_c30624 _d30624 |
||